• 首页
  • 本馆介绍
  • 公告通知
  • 最新文献
  • 馆藏检索
  • 电子资源
  • 读者导购
  • 参考咨询
  • 我的图书馆
  • 登录
  • 详细信息显示
  • 放入我的书架
  • 预约/预借图书
  • 作者相关作品
  • 分类相关作品
  • 丛书相关作品
  • 出版社相关作品

书目信息

  • 表格格式
  • 工作单格式
  • 卡片格式
题名:
智慧之花
    
 
作者: 叶敦平 著
分册:  
出版信息: 上海   上海教育出版社  1987
页数: 260页
开本: 19cm
丛书名: 中学生文库精选
单 册:
中图分类: G634.21 , Z226
科图分类:
主题词: 哲学--中学--课外读物 , 哲学 , 百科全书--中国
电子资源:
ISBN: 7-5320-2594-2
000 00714oam2 2200265 450
001 1569501888
005 20151110155832.12
010    @a7-5320-2594-2@dCNY2.15
100    @a20000303e19961987dm y0chiy0110 ea
101 0  @achi
102    @aCN@b310000
105    @ay z 000yd
200 1  @a智慧之花@9zhi hui zhi hua@f叶敦平等[著]
210    @a上海@c上海教育出版社@d1987@h1996重印
215    @a260页@d19cm
225 2  @a中学生文库精选
461  0 @12001 @a中学生文库精选
606 0  @a哲学@x中学@x课外读物
606 0  @a哲学
606 0  @a百科全书@x中国
690    @aG634.21@v5
690    @aZ226@v4
701  0 @a叶敦平@9ye dun ping@f(1932~)@4著
801  0 @aCN@bTSSF@c20150122
905    @aZUCC@dZ226@eJY1:6:1
    
    智慧之花/叶敦平等[著].-上海:上海教育出版社,1987(1996重印)
    260页;19cm.-(中学生文库精选)
    
    
    ISBN 7-5320-2594-2:CNY2.15
    
●
相关链接 在E读中查询图书 在五车中查询图书 在当当中查询图书 在豆瓣中查询图书


正题名:智慧之花     索取号:Z226/JY1:6:1         预约/预借

序号 登录号 条形码 馆藏地/架位号 状态 备注
1 7839719   278397192   学院路分馆/ [索取号:Z226/JY1:6:1] 在馆    
唐山师范学院图书馆 欢迎您!
大连网信软件有限公司© 版权所有